01007nam a22002777a 450000500170000000800410001702000180005802000150007604000130009108200200010410000410012424500550016525000270022026000730024730000520032050000250037250000280039750000240042565000520044965000270050165300250052865500210055394200200057499900170059495201180061120141222124110.0141222r20092014ii adk fr2 001 0 eng d a9789351340164 a9351340163 aEG-ScBUE00222a621.56bARO1 aArora, C. P. 91904310aRefrigeration and air conditioning /cC. P. Arora. a3rd ed.,bb reprinted. aNew Delhi :bMcGraw-Hill Education (India) Private Limited,cc.2009. axxvi, 924 p. :bcharts, forms, tables ;c23 cm. aIncludes appendixes. aReprint of the 2009 ed. aIndex : p. 918-924. 0aRefrigeration and refrigerating machinery95821 095822aAir conditioning bENGMECcDecember2014 vtext book933728 2ddck621.56 ARO c18810d18782 00102ddc40708BaccahaMAINbMAINc1STd2014-12-22epurchasel0o621.56 AROp000037232r2025-07-15 00:00:00yNB